000 00474nam a2200181Ia 4500
001 10160
008 140328s9999 xx 000 0 und d
020 _a0-582-49499-0
040 _cPK-LaUMT
082 _a 956.04
_bYAP-N
100 _aYapp, M. E.
245 4 _aThe near East since the first world war
_cYapp, M. E.<>Middle East-History-20th century
260 _c1991
300 _a526 p.
546 _aEN
650 _aMiddle East-History-20th century
942 _cBK
999 _c11191
_d11191